书目信息 |
| 题名: |
宛如梦幻
|
|
| 作者: | 赤军 著 | |
| 分册: | ||
| 出版信息: | 西安 陕西师范大学出版社 2005.06 |
|
| 页数: | 246页 | |
| 开本: | 23cm | |
| 丛书名: | ||
| 单 册: | ||
| 中图分类: | K313.35 | |
| 科图分类: | ||
| 主题词: | 中世纪史--zhong shi ji shi--史料--日本--战国时代(日本) | |
| 电子资源: | ||
| ISBN: | 7-5613-3445-1 | |
| 000 | 00711nam0 2200217 450 | |
| 001 | 0637608470 | |
| 005 | 20071015133155.76 | |
| 010 | @a7-5613-3445-1@dCNY29.80 | |
| 099 | @aCAL 012005096064 | |
| 100 | @a20050831d2005 ekmy0chiy0121 ea | |
| 101 | 0 | @achi |
| 102 | @aCN@b610000 | |
| 200 | 1 | @a宛如梦幻@Awan ru meng huan@e日本战国乱世中的『菊与刀』@f赤军著 |
| 210 | @a西安@c陕西师范大学出版社@d2005.06 | |
| 215 | @a246页@c图 (部分彩图), 地图, 肖像@d23cm | |
| 517 | 1 | @a日本战国乱世中的菊与刀@Ari ben zhan guo luan shi zhong de ju yu dao |
| 606 | 0 | @a中世纪史@Azhong shi ji shi@x史料@y日本@z战国时代(日本) |
| 690 | @aK313.35@v4 | |
| 701 | 0 | @a赤军@Achi jun@4著 |
| 801 | 0 | @aCN@c20071015 |
| 905 | @dK313.35@eC816 | |
| 宛如梦幻:日本战国乱世中的『菊与刀』/赤军著.-西安:陕西师范大学出版社,2005.06 |
| 246页:图 (部分彩图), 地图, 肖像;23cm |
| ISBN 7-5613-3445-1:CNY29.80 |
| ● |
| 相关链接 |
|
|
|
正题名:宛如梦幻
索取号:K313.35/C816
 
预约/预借
| 序号 | 登录号 | 条形码 | 馆藏地/架位号 | 状态 | 备注 |
| 1 | 604555 | 206045554 | 社科库309/309社科库 39排6列6层/ [索取号:K313.35/C816] | 在馆 | |
| 2 | 604556 | 206045563 | 社科库309/309社科库 39排6列6层/ [索取号:K313.35/C816] | 在馆 | |
| 3 | 604557 | 206045572 | 社科库309/ [索取号:K313.35/C816] | 在馆 | |
| 4 | 651389 | 206513897 | 社科库309/309社科库 39排6列6层/ [索取号:K313.35/C816] | 在馆 | |
| 5 | 651390 | 206513904 | 社科库309/309社科库 39排6列6层/ [索取号:K313.35/C816] | 在馆 | |
| 6 | 651391 | 206513913 | 社科库309/309社科库 39排6列6层/ [索取号:K313.35/C816] | 在馆 |